[Event "World Youth & Cadets Rapid Championships"]
[Site "Rhodes, Greece"]
[Date "2022.05.01"]
[Round "3.28"]
[White "Zhauynbay, Alimzhan"]
[Black "Pathak, Raghav"]
[Result "1-0"]
[TimeControl "10'/game & 5\"/move"]
[WhiteElo "1172"]
[BlackElo "1415"]

1. e4 {[%clk 00:10:08]} {[%emt 00:00:02]} e6 {[%clk 00:10:09]} {[%emt
00:00:01]} 2. d4 {[%clk 00:10:11]} {[%emt 00:00:02]} d5 {[%clk 00:10:12]}
{[%emt 00:00:01]} 3. exd5 {[%clk 00:10:15]} {[%emt 00:00:01]} exd5 {[%clk
00:10:15]} {[%emt 00:00:02]} 4. Nf3 {[%clk 00:10:18]} {[%emt 00:00:02]} Nf6
{[%clk 00:10:18]} {[%emt 00:00:01]} 5. Bd3 {[%clk 00:10:22]} {[%emt 00:00:02]}
c6 {[%clk 00:10:15]} {[%emt 00:00:07]} 6. O-O {[%clk 00:10:26]} {[%emt
00:00:03]} Be7 {[%clk 00:10:19]} {[%emt 00:00:01]} 7. Bf4 {[%clk 00:10:28]}
{[%emt 00:00:03]} O-O {[%clk 00:10:21]} {[%emt 00:00:03]} 8. Nbd2 {[%clk
00:10:32]} {[%emt 00:00:01]} Bd6 {[%clk 00:10:15]} {[%emt 00:00:10]} 9. Ne5
{[%clk 00:10:32]} {[%emt 00:00:05]} Re8 {[%clk 00:09:59]} {[%emt 00:00:21]} 10.
Ndf3 {[%clk 00:10:35]} {[%emt 00:00:02]} Bg4 {[%clk 00:09:59]} {[%emt
00:00:05]} 11. Re1 {[%clk 00:10:35]} {[%emt 00:00:06]} Bxe5 {[%clk 00:09:57]}
{[%emt 00:00:07]} 12. Bxe5 {[%clk 00:10:29]} {[%emt 00:00:10]} Nbd7 {[%clk
00:10:00]} {[%emt 00:00:02]} 13. h3 {[%clk 00:10:13]} {[%emt 00:00:20]} Nxe5
{[%clk 00:09:55]} {[%emt 00:00:11]} 14. dxe5 {[%clk 00:10:17]} {[%emt
00:00:02]} Bxf3 {[%clk 00:09:58]} {[%emt 00:00:01]} 15. Qxf3 {[%clk 00:10:20]}
{[%emt 00:00:02]} Nd7 {[%clk 00:09:58]} {[%emt 00:00:04]} 16. Qf5 {[%clk
00:10:13]} {[%emt 00:00:13]} g6 {[%clk 00:10:02]} 17. Qf4 {[%clk 00:10:15]}
{[%emt 00:00:02]} Qe7 {[%clk 00:10:00]} {[%emt 00:00:08]} 18. Re2 {[%clk
00:10:13]} {[%emt 00:00:07]} Kg7 {[%clk 00:09:56]} {[%emt 00:00:09]} 19. Rae1
{[%clk 00:10:16]} {[%emt 00:00:03]} Nc5 {[%clk 00:09:53]} {[%emt 00:00:07]} 20.
Qd4 {[%clk 00:10:13]} {[%emt 00:00:07]} Ne6 {[%clk 00:09:57]} {[%emt 00:00:03]}
21. Qg4 {[%clk 00:10:10]} {[%emt 00:00:07]} h5 {[%clk 00:09:57]} {[%emt
00:00:05]} 22. Qg3 {[%clk 00:10:12]} {[%emt 00:00:02]} c5 {[%clk 00:09:50]}
{[%emt 00:00:13]} 23. c3 {[%clk 00:10:07]} {[%emt 00:00:10]} c4 {[%clk
00:09:52]} {[%emt 00:00:03]} 24. Bb1 {[%clk 00:10:11]} {[%emt 00:00:01]} Rad8
{[%clk 00:09:54]} {[%emt 00:00:04]} 25. f4 {[%clk 00:10:12]} {[%emt 00:00:03]}
Qc5+ {[%clk 00:09:56]} {[%emt 00:00:04]} 26. Kh1 {[%clk 00:10:14]} {[%emt
00:00:02]} d4 {[%clk 00:09:46]} {[%emt 00:00:16]} 27. f5 {[%clk 00:10:15]}
{[%emt 00:00:02]} Nf8 {[%clk 00:09:43]} {[%emt 00:00:08]} 28. f6+ {[%clk
00:10:19]} {[%emt 00:00:02]} Kh7 {[%clk 00:09:46]} {[%emt 00:00:01]} 29. Qg5
{[%clk 00:10:22]} {[%emt 00:00:03]} d3 {[%clk 00:09:44]} {[%emt 00:00:07]} 30.
Re4 {[%clk 00:10:22]} {[%emt 00:00:04]} Ne6 {[%clk 00:09:48]} {[%emt 00:00:02]}
31. Qg3 {[%clk 00:10:22]} {[%emt 00:00:04]} b5 {[%clk 00:09:26]} {[%emt
00:00:29]} 32. Qh4 {[%clk 00:10:24]} {[%emt 00:00:01]} Qf8 {[%clk 00:09:20]}
{[%emt 00:00:10]} 33. b3 {[%clk 00:10:12]} {[%emt 00:00:19]} Rc8 {[%clk
00:08:52]} {[%emt 00:00:34]} 34. bxc4 {[%clk 00:10:13]} {[%emt 00:00:04]} bxc4
{[%clk 00:08:52]} {[%emt 00:00:04]} 35. Rxc4 {[%clk 00:10:15]} {[%emt
00:00:03]} Rxc4 {[%clk 00:08:52]} {[%emt 00:00:06]} 36. Qxc4 {[%clk 00:10:18]}
{[%emt 00:00:01]} d2 {[%clk 00:08:54]} {[%emt 00:00:03]} 37. Rd1 {[%clk
00:10:20]} {[%emt 00:00:03]} Rd8 {[%clk 00:08:53]} {[%emt 00:00:06]} 38. Qh4
{[%clk 00:10:21]} {[%emt 00:00:03]} Qh6 {[%clk 00:08:54]} {[%emt 00:00:04]} 39.
Qa4 {[%clk 00:10:17]} {[%emt 00:00:10]} Qe3 {[%clk 00:08:38]} {[%emt 00:00:21]}
40. Bc2 {[%clk 00:09:50]} {[%emt 00:00:33]} Qe1+ {[%clk 00:08:32]} {[%emt
00:00:10]} 41. Kh2 {[%clk 00:09:50]} {[%emt 00:00:03]} Qxe5+ {[%clk 00:08:34]}
{[%emt 00:00:05]} 42. Kh1 {[%clk 00:09:53]} {[%emt 00:00:02]} Qxf6 {[%clk
00:08:33]} {[%emt 00:00:06]} 43. Qxa7 {[%clk 00:09:55]} {[%emt 00:00:03]} Kg7
{[%clk 00:08:19]} {[%emt 00:00:19]} 44. Bb3 {[%clk 00:09:55]} {[%emt 00:00:05]}
Ng5 {[%clk 00:07:42]} {[%emt 00:00:42]} 45. Qe3 {[%clk 00:09:38]} {[%emt
00:00:21]} Rc8 {[%clk 00:07:09]} {[%emt 00:00:38]} 46. c4 {[%clk 00:09:32]}
{[%emt 00:00:12]} Qf5 {[%clk 00:06:14]} {[%emt 00:01:01]} 47. Qxd2 {[%clk
00:09:28]} {[%emt 00:00:08]} Ne4 {[%clk 00:06:09]} {[%emt 00:00:10]} 48. Qd4+
{[%clk 00:09:30]} {[%emt 00:00:03]} Kh7 {[%clk 00:06:10]} {[%emt 00:00:03]} 49.
Re1 {[%clk 00:09:09]} {[%emt 00:00:26]} Ng3+ {[%clk 00:06:01]} {[%emt
00:00:14]} 50. Kh2 {[%clk 00:09:12]} {[%emt 00:00:03]} Nf1+ {[%clk 00:06:04]}
{[%emt 00:00:03]} 51. Kg1 {[%clk 00:09:12]} {[%emt 00:00:03]} Ng3 {[%clk
00:06:04]} {[%emt 00:00:07]} 52. Qe5 {[%clk 00:08:49]} {[%emt 00:00:26]} Qd3
{[%clk 00:05:44]} {[%emt 00:00:25]} 53. Qe7 {[%clk 00:08:07]} {[%emt 00:00:46]}
Kg7 {[%clk 00:05:35]} {[%emt 00:00:15]} 54. c5 {[%clk 00:08:05]} {[%emt
00:00:09]} Rf8 {[%clk 00:04:54]} {[%emt 00:00:45]} 55. Qe5+ {[%clk 00:08:07]}
{[%emt 00:00:03]} Kh7 {[%clk 00:04:58]} {[%emt 00:00:01]} 56. c6 {[%clk
00:08:03]} {[%emt 00:00:10]} Rc8 {[%clk 00:04:35]} {[%emt 00:00:24]} 57. Bxf7
{[%clk 00:07:31]} {[%emt 00:00:40]} Rxc6 {[%clk 00:04:33]} {[%emt 00:00:07]} 58.
Qe8 {[%clk 00:07:25]} {[%emt 00:00:11]} Rf6 {[%clk 00:04:16]} {[%emt 00:00:20]}
59. Qg8+ {[%clk 00:07:23]} {[%emt 00:00:09]} Kh6 {[%clk 00:04:19]} {[%emt
00:00:02]} 60. Qh8+ {[%clk 00:07:10]} {[%emt 00:00:18]} Kg5 {[%clk 00:04:20]}
{[%emt 00:00:04]} 61. h4+ {[%clk 00:07:14]} {[%emt 00:00:01]} Kf5 {[%clk
00:04:18]} {[%emt 00:00:06]} 62. Qc8+ {[%clk 00:07:01]} {[%emt 00:00:19]} Kf4
{[%clk 00:04:12]} {[%emt 00:00:10]} 63. Qc7+ {[%clk 00:06:56]} {[%emt
00:00:11]} Kf5 {[%clk 00:04:09]} {[%emt 00:00:06]} 64. Qe5+ {[%clk 00:06:59]}
{[%emt 00:00:04]} Kg4 {[%clk 00:04:06]} {[%emt 00:00:09]} 65. Qg5# {[%clk
00:07:01]} 1-0

[Event "World Youth & Cadets Rapid Championships"]
[Site "Rhodes, Greece"]
[Date "2022.05.01"]
[Round "3.29"]
[White "Kovacs, Balazs"]
[Black "Kukushkin, Ivan"]
[Result "0-1"]
[TimeControl "10'/game & 5\"/move"]
[WhiteElo "1397"]
[BlackElo "1086"]

1. e4 {[%clk 00:10:08]} {[%emt 00:00:02]} c5 {[%clk 00:10:08]} {[%emt
00:00:02]} 2. Nf3 {[%clk 00:10:11]} {[%emt 00:00:02]} Nc6 {[%clk 00:10:11]}
{[%emt 00:00:01]} 3. d4 {[%clk 00:10:15]} {[%emt 00:00:01]} cxd4 {[%clk
00:10:15]} {[%emt 00:00:02]} 4. Nxd4 {[%clk 00:10:16]} {[%emt 00:00:04]} e5
{[%clk 00:10:18]} 5. Nb5 {[%clk 00:10:18]} {[%emt 00:00:04]} a6 {[%clk
00:10:23]} {[%emt 00:00:01]} 6. Nd6+ {[%clk 00:10:19]} {[%emt 00:00:04]} Bxd6
{[%clk 00:10:25]} {[%emt 00:00:02]} 7. Qxd6 {[%clk 00:10:20]} {[%emt 00:00:04]}
Qe7 {[%clk 00:10:29]} 8. Qd5 {[%clk 00:10:00]} {[%emt 00:00:23]} d6 {[%clk
00:10:30]} {[%emt 00:00:06]} 9. Nc3 {[%clk 00:09:23]} {[%emt 00:00:42]} Nf6
{[%clk 00:10:32]} {[%emt 00:00:03]} 10. Qd1 {[%clk 00:09:23]} {[%emt 00:00:05]}
Be6 {[%clk 00:10:34]} {[%emt 00:00:03]} 11. Bg5 {[%clk 00:09:26]} {[%emt
00:00:02]} O-O {[%clk 00:10:35]} {[%emt 00:00:04]} 12. Bd3 {[%clk 00:09:28]}
{[%emt 00:00:03]} Rad8 {[%clk 00:10:36]} {[%emt 00:00:03]} 13. Qd2 {[%clk
00:09:30]} {[%emt 00:00:04]} Nd4 {[%clk 00:10:30]} {[%emt 00:00:11]} 14. O-O
{[%clk 00:09:01]} {[%emt 00:00:34]} h6 {[%clk 00:10:14]} {[%emt 00:00:20]} 15.
Bh4 {[%clk 00:07:44]} {[%emt 00:01:21]} Rd7 {[%clk 00:10:01]} {[%emt 00:00:19]}
16. f4 {[%clk 00:07:07]} {[%emt 00:00:42]} Nxe4 {[%clk 00:09:33]} {[%emt
00:00:33]} 17. Nxe4 {[%clk 00:05:07]} {[%emt 00:02:06]} Qxh4 {[%clk 00:09:30]}
{[%emt 00:00:07]} 18. f5 {[%clk 00:04:35]} {[%emt 00:00:38]} Nxf5 {[%clk
00:09:19]} {[%emt 00:00:16]} 19. g3 {[%clk 00:03:29]} {[%emt 00:01:11]} Qd8
{[%clk 00:09:14]} {[%emt 00:00:09]} 20. Qe2 {[%clk 00:03:05]} {[%emt 00:00:30]}
Nd4 {[%clk 00:09:09]} {[%emt 00:00:10]} 21. Qh5 {[%clk 00:03:04]} {[%emt
00:00:06]} Qb6 {[%clk 00:08:59]} {[%emt 00:00:14]} 22. Kh1 {[%clk 00:02:21]}
{[%emt 00:00:48]} Bd5 {[%clk 00:08:58]} {[%emt 00:00:06]} 23. c4 {[%clk
00:02:04]} {[%emt 00:00:23]} Bxe4+ {[%clk 00:08:57]} {[%emt 00:00:06]} 24. Bxe4
{[%clk 00:02:07]} {[%emt 00:00:02]} Qxb2 {[%clk 00:08:38]} {[%emt 00:00:23]} 25.
Qg4 {[%clk 00:01:44]} {[%emt 00:00:28]} Re7 {[%clk 00:08:31]} {[%emt 00:00:13]}
26. Rab1 {[%clk 00:01:18]} {[%emt 00:00:31]} Qxa2 {[%clk 00:08:28]} {[%emt
00:00:07]} 27. Rxb7 {[%clk 00:01:09]} {[%emt 00:00:15]} Rxb7 {[%clk 00:08:26]}
{[%emt 00:00:07]} 28. Bxb7 {[%clk 00:01:11]} {[%emt 00:00:02]} Qxc4 {[%clk
00:08:29]} {[%emt 00:00:02]} 29. Be4 {[%clk 00:01:11]} {[%emt 00:00:06]} Qxf1#
{[%clk 00:08:30]} {[%emt 00:00:04]} 0-1

[Event "World Youth & Cadets Rapid Championships"]
[Site "Rhodes, Greece"]
[Date "2022.05.01"]
[Round "3.31"]
[White "Mirowska, Oliwia"]
[Black "Hryzlova, Sofiia"]
[Result "1/2-1/2"]
[TimeControl "10'/game & 5\"/move"]
[WhiteElo "1669"]
[BlackElo "2011"]

1. f4 {[%clk 00:10:09]} d5 {[%clk 00:09:52]} {[%emt 00:00:20]} 2. Nf3 {[%clk
00:10:11]} {[%emt 00:00:01]} c5 {[%clk 00:09:54]} {[%emt 00:00:03]} 3. g3
{[%clk 00:10:15]} {[%emt 00:00:02]} Nc6 {[%clk 00:09:55]} {[%emt 00:00:03]} 4.
c3 {[%clk 00:10:18]} {[%emt 00:00:03]} Nf6 {[%clk 00:09:52]} {[%emt 00:00:08]}
5. Bg2 {[%clk 00:10:20]} {[%emt 00:00:01]} g6 {[%clk 00:09:54]} {[%emt
00:00:04]} 6. O-O {[%clk 00:10:22]} {[%emt 00:00:02]} Bg7 {[%clk 00:09:57]}
{[%emt 00:00:03]} 7. d3 {[%clk 00:10:23]} {[%emt 00:00:04]} O-O {[%clk
00:09:52]} {[%emt 00:00:10]} 8. Qe1 {[%clk 00:10:25]} {[%emt 00:00:03]} d4
{[%clk 00:09:43]} {[%emt 00:00:15]} 9. Na3 {[%clk 00:10:15]} {[%emt 00:00:15]}
Nd5 {[%clk 00:09:12]} {[%emt 00:00:35]} 10. Bd2 {[%clk 00:10:12]} {[%emt
00:00:08]} e5 {[%clk 00:07:39]} {[%emt 00:01:38]} 11. fxe5 {[%clk 00:10:09]}
{[%emt 00:00:08]} Nxe5 {[%clk 00:07:42]} {[%emt 00:00:03]} 12. Nxe5 {[%clk
00:10:07]} {[%emt 00:00:06]} Bxe5 {[%clk 00:07:43]} {[%emt 00:00:04]} 13. Nc4
{[%clk 00:09:55]} {[%emt 00:00:17]} Bg7 {[%clk 00:07:41]} {[%emt 00:00:07]} 14.
a4 {[%clk 00:08:32]} {[%emt 00:01:29]} Be6 {[%clk 00:06:25]} {[%emt 00:01:21]}
15. Kh1 {[%clk 00:08:31]} {[%emt 00:00:06]} Qd7 {[%clk 00:06:10]} {[%emt
00:00:20]} 16. a5 {[%clk 00:06:15]} {[%emt 00:02:21]} Rae8 {[%clk 00:05:49]}
{[%emt 00:00:26]} 17. Rc1 {[%clk 00:06:00]} {[%emt 00:00:19]} Bg4 {[%clk
00:05:17]} {[%emt 00:00:37]} 18. Bf3 {[%clk 00:04:46]} {[%emt 00:01:20]} Re7
{[%clk 00:04:42]} {[%emt 00:00:40]} 19. Qf2 {[%clk 00:04:39]} {[%emt 00:00:12]}
Bh3 {[%clk 00:03:33]} {[%emt 00:01:14]} 20. Rfe1 {[%clk 00:04:40]} {[%emt
00:00:03]} Rfe8 {[%clk 00:03:22]} {[%emt 00:00:16]} 21. e4 {[%clk 00:02:34]}
{[%emt 00:02:12]} dxe3 {[%clk 00:03:11]} {[%emt 00:00:16]} 22. Nxe3 {[%clk
00:02:37]} {[%emt 00:00:01]} Nxe3 {[%clk 00:03:07]} {[%emt 00:00:09]} 23. Rxe3
{[%clk 00:02:07]} {[%emt 00:00:35]} Rxe3 {[%clk 00:01:36]} {[%emt 00:01:36]} 24.
Bxe3 {[%clk 00:02:11]} {[%emt 00:00:01]} b6 {[%clk 00:01:40]} {[%emt 00:00:03]}
25. Rd1 {[%clk 00:01:36]} {[%emt 00:00:39]} Qe6 {[%clk 00:00:49]} {[%emt
00:00:55]} 26. Bd2 {[%clk 00:01:28]} {[%emt 00:00:13]} Qb3 {[%clk 00:00:49]}
{[%emt 00:00:06]} 27. Bc1 {[%clk 00:00:38]} {[%emt 00:00:55]} Bf5 {[%clk
00:00:41]} {[%emt 00:00:13]} 28. Re1 {[%clk 00:00:14]} {[%emt 00:00:29]} Rd8
{[%clk 00:00:38]} {[%emt 00:00:07]} 29. d4 {[%clk 00:00:06]} {[%emt 00:00:13]}
cxd4 {[%clk 00:00:37]} {[%emt 00:00:06]} 30. Bg5 {[%clk 00:00:10]} {[%emt
00:00:01]} f6 {[%clk 00:00:38]} {[%emt 00:00:04]} 31. Bc1 {[%clk 00:00:14]}
{[%emt 00:00:02]} dxc3 {[%clk 00:00:38]} {[%emt 00:00:05]} 32. bxc3 {[%clk
00:00:18]} {[%emt 00:00:01]} Qxc3 {[%clk 00:00:35]} {[%emt 00:00:09]} 33. g4
{[%clk 00:00:22]} Bd3 {[%clk 00:00:30]} {[%emt 00:00:09]} 34. Qe3 {[%clk
00:00:21]} {[%emt 00:00:06]} Qc5 {[%clk 00:00:15]} {[%emt 00:00:20]} 35. Qe6+
{[%clk 00:00:22]} {[%emt 00:00:04]} Kh8 {[%clk 00:00:19]} {[%emt 00:00:02]} 36.
Be3 {[%clk 00:00:15]} {[%emt 00:00:12]} Qxa5 {[%clk 00:00:20]} {[%emt
00:00:03]} 37. Bc1 {[%clk 00:00:11]} {[%emt 00:00:09]} Rf8 {[%clk 00:00:21]}
{[%emt 00:00:03]} 38. Bg2 {[%clk 00:00:12]} {[%emt 00:00:05]} Qc5 {[%clk
00:00:23]} {[%emt 00:00:03]} 39. h3 {[%clk 00:00:12]} {[%emt 00:00:05]} Bc4
{[%clk 00:00:26]} {[%emt 00:00:02]} 40. Qd7 {[%clk 00:00:13]} {[%emt 00:00:04]}
Bb5 {[%clk 00:00:24]} {[%emt 00:00:07]} 41. Qxa7 {[%clk 00:00:14]} {[%emt
00:00:04]} Qc3 {[%clk 00:00:22]} {[%emt 00:00:07]} 42. Rd1 {[%clk 00:00:10]}
{[%emt 00:00:09]} Be2 {[%clk 00:00:23]} {[%emt 00:00:03]} 43. Rg1 {[%clk
00:00:14]} {[%emt 00:00:02]} Bf3 {[%clk 00:00:22]} {[%emt 00:00:05]} 44. Ba3
{[%clk 00:00:18]} {[%emt 00:00:02]} Bxg2+ {[%clk 00:00:24]} {[%emt 00:00:03]}
45. Rxg2 {[%clk 00:00:22]} {[%emt 00:00:01]} Qxh3+ {[%clk 00:00:26]} {[%emt
00:00:02]} 46. Kg1 {[%clk 00:00:26]} {[%emt 00:00:01]} Qe3+ {[%clk 00:00:29]}
{[%emt 00:00:02]} 47. Kh1 {[%clk 00:00:30]} Qe1+ {[%clk 00:00:32]} {[%emt
00:00:03]} 48. Kh2 {[%clk 00:00:33]} {[%emt 00:00:02]} Qe5+ {[%clk 00:00:35]}
{[%emt 00:00:02]} 49. Kg1 {[%clk 00:00:36]} {[%emt 00:00:02]} Qd4+ {[%clk
00:00:38]} {[%emt 00:00:02]} 50. Kh2 {[%clk 00:00:38]} {[%emt 00:00:02]} Re8
{[%clk 00:00:39]} {[%emt 00:00:05]} 51. Qc7 {[%clk 00:00:37]} {[%emt 00:00:06]}
f5 {[%clk 00:00:39]} {[%emt 00:00:05]} 52. Bd6 {[%clk 00:00:17]} {[%emt
00:00:24]} Qxd6+ {[%clk 00:00:34]} {[%emt 00:00:10]} 53. Qxd6 {[%clk 00:00:16]}
{[%emt 00:00:06]} Be5+ {[%clk 00:00:37]} {[%emt 00:00:02]} 54. Qxe5+ {[%clk
00:00:18]} {[%emt 00:00:03]} Rxe5 {[%clk 00:00:41]} {[%emt 00:00:02]} 55. gxf5
{[%clk 00:00:22]} {[%emt 00:00:02]} Rxf5 {[%clk 00:00:44]} {[%emt 00:00:02]} 56.
Rb2 {[%clk 00:00:25]} b5 {[%clk 00:00:47]} {[%emt 00:00:01]} 57. Kg3 {[%clk
00:00:30]} Kg7 {[%clk 00:00:51]} {[%emt 00:00:02]} 58. Kg4 {[%clk 00:00:34]}
h5+ {[%clk 00:00:53]} {[%emt 00:00:03]} 59. Kh4 {[%clk 00:00:36]} {[%emt
00:00:02]} Kh6 {[%clk 00:00:56]} {[%emt 00:00:02]} 60. Kg3 {[%clk 00:00:40]}
{[%emt 00:00:01]} g5 {[%clk 00:00:59]} {[%emt 00:00:02]} 61. Rb4 {[%clk
00:00:43]} {[%emt 00:00:02]} h4+ {[%clk 00:01:01]} {[%emt 00:00:04]} 62. Kh3
{[%clk 00:00:45]} {[%emt 00:00:02]} Kh5 {[%clk 00:00:58]} {[%emt 00:00:08]} 63.
Kg2 {[%clk 00:00:48]} {[%emt 00:00:02]} g4 {[%clk 00:01:01]} {[%emt 00:00:02]}
64. Kh2 {[%clk 00:00:50]} {[%emt 00:00:03]} h3 {[%clk 00:01:04]} {[%emt
00:00:03]} 65. Kg3 {[%clk 00:00:45]} {[%emt 00:00:09]} Rc5 {[%clk 00:01:01]}
{[%emt 00:00:08]} 66. Rb3 {[%clk 00:00:47]} {[%emt 00:00:04]} Rf5 {[%clk
00:00:59]} {[%emt 00:00:07]} 67. Rb4 {[%clk 00:00:49]} {[%emt 00:00:03]} Rf3+
{[%clk 00:01:02]} {[%emt 00:00:02]} 68. Kh2 {[%clk 00:00:52]} {[%emt 00:00:02]}
Kh4 {[%clk 00:00:57]} {[%emt 00:00:10]} 69. Rxb5 {[%clk 00:00:56]} {[%emt
00:00:02]} Rf2+ {[%clk 00:00:56]} {[%emt 00:00:05]} 70. Kg1 {[%clk 00:00:57]}
{[%emt 00:00:04]} Rf4 {[%clk 00:00:50]} {[%emt 00:00:10]} 71. Rb8 {[%clk
00:00:53]} {[%emt 00:00:09]} g3 {[%clk 00:00:51]} {[%emt 00:00:05]} 72. Rh8+
{[%clk 00:00:56]} {[%emt 00:00:02]} Kg4 {[%clk 00:00:54]} {[%emt 00:00:02]} 73.
Rg8+ {[%clk 00:00:59]} Kf3 {[%clk 00:00:57]} {[%emt 00:00:02]} 74. Rg7 {[%clk
00:00:57]} {[%emt 00:00:07]} Rf8 {[%clk 00:00:35]} {[%emt 00:00:27]} 75. Rg6
{[%clk 00:00:59]} {[%emt 00:00:04]} Kf4 {[%clk 00:00:37]} {[%emt 00:00:03]} 76.
Rg7 {[%clk 00:01:02]} {[%emt 00:00:01]} Rf5 {[%clk 00:00:26]} {[%emt 00:00:17]}
77. Rg8 {[%clk 00:01:02]} {[%emt 00:00:04]} Kf3 {[%clk 00:00:25]} {[%emt
00:00:06]} 78. Rg7 {[%clk 00:01:00]} {[%emt 00:00:08]} g2 {[%clk 00:00:24]}
{[%emt 00:00:06]} 79. Rg8 {[%clk 00:00:35]} {[%emt 00:00:29]} Rf4 {[%clk
00:00:24]} {[%emt 00:00:06]} 80. Rg7 {[%clk 00:00:29]} {[%emt 00:00:10]} Rg4
{[%clk 00:00:24]} {[%emt 00:00:05]} 81. Rf7+ {[%clk 00:00:27]} {[%emt
00:00:07]} Kg3 {[%clk 00:00:26]} {[%emt 00:00:03]} 82. Rh7 {[%clk 00:00:30]}
{[%emt 00:00:01]} Rg8 {[%clk 00:00:18]} {[%emt 00:00:14]} 83. Rh6 {[%clk
00:00:32]} {[%emt 00:00:04]} Kg4 {[%clk 00:00:18]} {[%emt 00:00:04]} 84. Rh7
{[%clk 00:00:30]} {[%emt 00:00:07]} Kg3 {[%emt 00:00:15]} 85. Rh6 {[%clk
00:00:32]} {[%emt 00:00:02]} Rg4 {[%clk 00:00:13]} {[%emt 00:00:02]} 86. Rh7
{[%clk 00:00:33]} {[%emt 00:00:04]} Rg5 {[%clk 00:00:16]} {[%emt 00:00:02]} 87.
Rh8 {[%clk 00:00:32]} {[%emt 00:00:06]} Rf5 {[%clk 00:00:19]} {[%emt 00:00:02]}
88. Rg8+ {[%clk 00:00:32]} {[%emt 00:00:04]} Kh4 {[%clk 00:00:22]} {[%emt
00:00:03]} 89. Rh8+ {[%clk 00:00:30]} {[%emt 00:00:06]} Rh5 {[%clk 00:00:25]}
{[%emt 00:00:03]} 90. Rg8 {[%clk 00:00:28]} {[%emt 00:00:07]} Rg5 {[%clk
00:00:28]} {[%emt 00:00:02]} 91. Rh8+ {[%clk 00:00:31]} {[%emt 00:00:02]} Kg4
{[%clk 00:00:32]} {[%emt 00:00:01]} 92. Rh7 {[%clk 00:00:31]} {[%emt 00:00:05]}
Kf5 {[%clk 00:00:34]} {[%emt 00:00:02]} 93. Rxh3 {[%clk 00:00:33]} {[%emt
00:00:03]} Kf4 {[%clk 00:00:37]} {[%emt 00:00:03]} 94. Rh8 {[%clk 00:00:31]}
{[%emt 00:00:06]} Kf3 {[%clk 00:00:35]} {[%emt 00:00:08]} 95. Ra8 {[%clk
00:00:31]} {[%emt 00:00:05]} Kf4 {[%clk 00:00:25]} {[%emt 00:00:15]} 96. Ra4+
{[%clk 00:00:34]} {[%emt 00:00:02]} Kg3 {[%clk 00:00:27]} {[%emt 00:00:03]} 97.
Ra3+ {[%clk 00:00:37]} {[%emt 00:00:01]} Kh4 {[%clk 00:00:31]} {[%emt
00:00:01]} 98. Ra4+ {[%clk 00:00:41]} {[%emt 00:00:02]} Kh3 {[%clk 00:00:35]}
{[%emt 00:00:01]} 99. Ra3+ {[%clk 00:00:45]} {[%emt 00:00:01]} Rg3 {[%clk
00:00:38]} {[%emt 00:00:02]} 100. Ra8 {[%clk 00:00:43]} {[%emt 00:00:07]} Rb3
{[%clk 00:00:37]} {[%emt 00:00:06]} 101. Rh8+ {[%clk 00:00:42]} {[%emt
00:00:06]} Kg3 {[%clk 00:00:40]} {[%emt 00:00:02]} 102. Rg8+ {[%clk 00:00:45]}
{[%emt 00:00:02]} Kh3 {[%clk 00:00:43]} {[%emt 00:00:02]} 103. Rh8+ {[%clk
00:00:48]} Kg3 {[%clk 00:00:47]} {[%emt 00:00:01]} 104. Rg8+ {[%clk 00:00:52]}
{[%emt 00:00:02]} Kf3 {[%clk 00:00:51]} {[%emt 00:00:01]} 105. Rf8+ {[%clk
00:00:55]} {[%emt 00:00:02]} Kg3 {[%clk 00:00:54]} {[%emt 00:00:02]} 106. Rg8+
{[%clk 00:00:51]} {[%emt 00:00:02]} 1/2-1/2